000 01110nam a2200277Ia 4500
003 OSt
005 20221005104738.0
006 a|||||r|||| 00| 0
007 ta
008 221004b |||||||| |||| 00| 0 hin d
020 _c20
024 _a9101
037 _b20480, 08/01/2014, Hindi Madhyam Karyanvyan Nideshalye
_cTextual
040 _aCRL
_cCRL
_bhin
041 _2hin
_ahin
082 _aZ2, 152M8
100 _aमदान, नरेन्द्र लाल
245 0 _aभारत में विधि - व्यवथा
246 _aBhārat mean vidhi - vyavathā
260 _aदिल्ली
_bविश्वविद्यालय हिन्दी माध्यम कार्यान्वय निदेशालय भारत
_c1988
300 _a44पृ0
_ccm.
490 _aराजनीति विज्ञान
650 _aभारतीय कानून
942 _hZ2, 152M8
_cTEXL
_2cc
999 _c1013659
_d1013659